New ideas from dead economists (Record no. 52138)
[ view plain ]
| 000 -LEADER | |
|---|---|
| fixed length control field | 00548nam a2200157 a 4500 |
| 008 - FIXED-LENGTH DATA ELEMENTS--GENERAL INFORMATION | |
| fixed length control field | 120416s1989 ||||||||||||||||| || u |
| 020 ## - INTERNATIONAL STANDARD BOOK NUMBER | |
| International Standard Book Number | 0452265339 |
| 050 ## - LIBRARY OF CONGRESS CALL NUMBER | |
| Classification number | HB 76 Buc |
| 100 ## - MAIN ENTRY--PERSONAL NAME | |
| Personal name | Buchholz, Todd G |
| 245 10 - TITLE STATEMENT | |
| Title | New ideas from dead economists |
| 246 ## - VARYING FORM OF TITLE | |
| Title proper/short title | an introduction to modern economic thought |
| 260 ## - PUBLICATION, DISTRIBUTION, ETC. | |
| Place of publication, distribution, etc. | New York |
| Name of publisher, distributor, etc. | Plume Books |
| Date of publication, distribution, etc. | 1989 |
| 300 ## - PHYSICAL DESCRIPTION | |
| Extent | xi, 321p. |
| 350 ## - PRICE (NR) (BK AM CF MU VM SE) [OBSOLETE] | |
| Price | 0.00 |
| 995 ## - RECOMMENDATION 995 [LOCAL, UNIMARC FRANCE] | |
| -- | 0.00 |
| -- | CBU-MAIN LIBRARY (Kitwe) |
| -- | 1 |
| -- | 8.95 |
| -- | AVAILABLE |
| -- | Main Library Open Access Collection |
| Withdrawn status | Lost status | Source of classification or shelving scheme | Damaged status | Not for loan | Home library | Current library | Shelving location | Date acquired | Total Checkouts | Full call number | Barcode | Date last seen | Price effective from | Koha item type |
|---|---|---|---|---|---|---|---|---|---|---|---|---|---|---|
| CBU-MAIN LIBRARY, KITWE. | CBU-MAIN LIBRARY, KITWE. | 11/30/2022 | HB 76 Buc | 001806 | 11/30/2022 | 11/30/2022 | MONOGRAPH |